Physics year 1 : រូបវិទ្យា (Record no. 10222)

000 -LEADER
fixed length control field 00258nam a22001217a 4500
040 ## - CATALOGING SOURCE
Transcribing agency HS
082 ## - DEWEY DECIMAL CLASSIFICATION NUMBER
Classification number 539
100 ## - MAIN ENTRY--AUTHOR NAME
Personal name HANG SIM
245 ## - TITLE STATEMENT
Title Physics year 1 : រូបវិទ្យា
260 ## - PUBLICATION, DISTRIBUTION, ETC. (IMPRINT)
Place of publication RUA
Name of publisher HANG SIM
Year of publication 2001
300 ## - PHYSICAL DESCRIPTION
Number of Pages 279p;
942 ## - ADDED ENTRY ELEMENTS (KOHA)
Koha item type សៀវភៅភាសាខ្មែរ
952 ## - LOCATION AND ITEM INFORMATION (KOHA)
Withdrawn status [LOCAL, KOHA] 0
Holdings
Permanent Location Date acquired Koha item type Lost status Shelving location Barcode Current Location Full call number
Library Block C2016-09-22សៀវភៅភាសាខ្មែរ C163RUA43858Library Block C539 HAN 2001 C163
មជ្ឈមណ្ឌលឯការនៃសាកលវិទ្យាល័យភូមិន្ទកសិកម្មចំការដូង

Powered by Koha